Social Work with Older People (Record no. 609645)

MARC details
000 -LEADER
fixed length control field 00462nam a22001697a 4500
008 - FIXED-LENGTH DATA ELEMENTS--GENERAL INFORMATION
fixed length control field 260201b |||||||| |||| 00| 0 eng d
020 ## - INTERNATIONAL STANDARD BOOK NUMBER
ISBN 9781412902052
Paper back/Hardbound pbk
082 ## - DEWEY DECIMAL CLASSIFICATION NUMBER
Classification number 305.26084
Item number LYM
100 ## - MAIN ENTRY--AUTHOR NAME
Personal name E.F. Lymbery,Mark
245 ## - TITLE STATEMENT
Title Social Work with Older People
260 ## - PUBLICATION, DISTRIBUTION, ETC. (IMPRINT)
Place of publication New delhi
Name of publisher ‎ SAGE Publications Ltd
Year of publication 1 October 2005
300 ## - PHYSICAL DESCRIPTION
Number of Pages 242 P.
504 ## - BIBLIOGRAPHY, ETC. NOTE
Bibliography, etc Includes index
650 ## - SUBJECT ADDED ENTRY--TOPICAL TERM
Topical Term Susannah R. Ottaway
942 ## - ADDED ENTRY ELEMENTS (KOHA)
Koha item type English Books
Holdings
Withdrawn status Lost status Damaged status Not for loan Home library Current library Shelving location Date acquired Full call number Accession Number Price effective from Koha item type
        Anna Centenary Library Anna Centenary Library 3RD FLOOR, B WING 16.08.2010 305.26084 LYM 164113 01.02.2026 English Books
        Anna Centenary Library Anna Centenary Library   01.02.2026 305.26084 LYM   01.02.2026 English Books

Find us on the map